Catálogo público

Informe sobre las actividades de ciertas organizaciones internacionales que se ocupan de la normalización de alimentos y materias afines (Registro nro. 209703)

Detalles MARC
000 -CABECERA
campo de control de longitud fija 00967nam a2200193Ia 4500
001 - NÚMERO DE CONTROL
campo de control dia_7067
008 - DATOS DE LONGITUD FIJA--INFORMACIÓN GENERAL
campo de control de longitud fija 220601s9999 xx 000 0 und d
090 ## - LOCALMENTE ASIGNADO TIPO-LC NÚMERO DE CLASIFICACIÓN (OCLC); NÚMERO DE CLASIFICACIÓN LOCAL (RLIN)
Número de clasificación (OCLC) (R) ; Numero de clasificación, CALL (RLIN) (NR) F 408 1972
110 ## - ENTRADA PRINCIPAL--NOMBRE DE ENTIDAD CORPORATIVA
Nombre de entidad corporativa o nombre de jurisdicción como elemento de entrada FAO
245 ## - MENCIÓN DE TÍTULO
Título Informe sobre las actividades de ciertas organizaciones internacionales que se ocupan de la normalización de alimentos y materias afines
260 ## - PUBLICACIÓN, DISTRIBUCIÓN, ETC.
Lugar de publicación, distribución, etc. Italia : FAO : OMS
300 ## - DESCRIPCIÓN FÍSICA
Extensión 2 t.
505 ## - NOTA DE CONTENIDO CON FORMATO
Nota de contenido con formato t.1. Parte I: Informe sobre las actividades del Consejo de EuropaParte II: Informe sobre las actividades de la Organización Árabe para la normalización y metrología en el campo de las normas alimentariast.2. Parte III: Informe sobre las actividades en la FAO y en la OMS de interés para la ComisiónParte IV: Exposición de la política de la ISO en el campo de los productos alimenticios agrícolasÌ
901 ## - ELEMENTOS DE DATOS A LOCAL LDA (RLIN)
a F 408 1972
902 ## - ELEMENTOS DE DATOS B LOCAL, LDB (RLIN)
a M
905 ## - ELEMENTOS DE DATOS E LOCAL, LDE (RLIN)
a 0000001972 it 0000000000SPA00
942 ## - ELEMENTOS DE PUNTO DE ACCESO ADICIONAL (KOHA)
Tipo de ítem Koha 12
Existencias
Estado de retiro Estado de pérdida Fuente del sistema de clasificación o colocación Estado dañado Restricciones de uso No para préstamo Código de colección Localización permanente Ubicación/localización actual Ubicación en estantería Fecha de adquisición Enumeración/cronología de publicación seriada Total de préstamos Código de barras Fecha visto por última vez Número de copia Precio válido a partir de Tipo de ítem Koha
    Clasificación Universidad Autónoma de Chapingo   Préstamo interno   Folletos Ingenieria Agroindustrial Ingenieria Agroindustrial   01/06/2022 Tomo: 2   dia_012273 01/06/2022 1 01/06/2022 Folleto
    Clasificación Universidad Autónoma de Chapingo   Préstamo interno   Folletos Ingenieria Agroindustrial Ingenieria Agroindustrial   01/06/2022 Tomo: 1   dia_012272 01/06/2022 1 01/06/2022 Folleto